Laws, rules and regulations concerning the reconstruction and democratization of Japanese economy
Gespeichert in:
| Format: | Buch |
|---|---|
| Sprache: | Undetermined |
| Veröffentlicht: |
Tokyo
Kaiguchi Pub.
1949
|
| Schlagworte: | |
| Tags: |
Tag hinzufügen
Keine Tags, Fügen Sie den ersten Tag hinzu!
|
| Thư viện lưu trữ: | Trung tâm Học liệu Trường Đại học Cần Thơ |
|---|
| LEADER | 00592nam a2200193Ia 4500 | ||
|---|---|---|---|
| 001 | CTU_97758 | ||
| 008 | 210402s9999 xx 000 0 und d | ||
| 082 | |a 340 | ||
| 082 | |b L425 | ||
| 245 | 0 | |a Laws, rules and regulations concerning the reconstruction and democratization of Japanese economy | |
| 245 | 4 | |c The holding company liquidation commission | |
| 260 | |a Tokyo | ||
| 260 | |b Kaiguchi Pub. | ||
| 260 | |c 1949 | ||
| 650 | |a Corporation law,Trusts, industrial | ||
| 650 | |x Law | ||
| 650 | |z Japan,Japan | ||
| 904 | |i Giang | ||
| 980 | |a Trung tâm Học liệu Trường Đại học Cần Thơ | ||